Moderne Maler. Bd. 1-2

Hlavní autor: Ruskin, John, 1819-1900
Jazyk: Němčina
Vydáno: Leipzig, 1902
Edice: Ausgewählte Werke in vollständiger Übersetzung
Knihy
Uloženo v:
LEADER 00771nam a22002172a 4500
001 000431160
003 CZ BrMZK
005 19990305143423.0
007 ta
008 990305s1902 gw f ger d
040 |a BOA001  |b cze 
100 1 |a Ruskin, John,  |d 1819-1900  |7 jn19990007258 
245 1 0 |a Moderne Maler.  |n Bd. 1-2 
260 |a Leipzig,  |c 1902 
490 1 |a Ausgewählte Werke in vollständiger Übersetzung ;  |v bd. 11-12 
830 0 |a Ausgewählte Werke in vollständiger Übersetzung 
910 |a BOA001  |b 2-0023.825,11-12 
990 |a BK 
993 |a Y 
996 6 |b 2619791352  |c 2-0023.825,11-12  |l MZK  |r Sklad / do 24 hodin  |n 2  |w 000431160  |u 000010  |a 1  |e BOA001  |j MZK50  |s P 
996 6 |b 431160-10  |c 2-0023.825,11-12  |l MZK  |r Sklad / do 24 hodin  |n 0  |w 000431160  |u 000020  |a 1  |e BOA001  |j MZK50  |s P